Statistics for Bayern Munich - Chelsea Champions League 2019-20

Click here to take the quiz!

General Stats

  • This quiz has been taken 162 times
  • The average score is 20 of 30

Answer Stats

Players% Correct
Manuel Neuer
96%
Robert Lewandowski ²
96%
Thomas Müller
96%
Joshua Kimmich
92%
Serge Gnabry
89%
Jérôme Boateng
87%
Alphonso Davies
85%
Leon Goretzka
83%
N'Golo Kanté
81%
Mason Mount
79%
David Alaba
78%
Niklas Süle
73%
Thiago Alcântara
73%
Willy Caballero
71%
Reece James
68%
Frank Lampard
66%
Mateo Kovačić
65%
Tammy Abraham ¹
63%
Andreas Christensen
61%
Hans-Dieter Flick
58%
Kurt Zouma
55%
Callum Hudson-Odoi
51%
Ivan Perišić ¹
51%
Corentin Tolisso ¹
48%
Philippe Coutinho
48%
Olivier Giroud
47%
Emerson
42%
Javi Martínez
42%
Ross Barkley
37%
Álvaro Odriozola
14%

Score Distribution

Percentile by Number Answered

Percent of People with Each Score

Your Score History

You have not taken this quiz